书目信息 |
| 题名: |
妈妈是最好的美术老师
|
|
| 作者: | 金洪大 , 全英善 著 ;李秋月 译 | |
| 分册: | ||
| 出版信息: | 长春 吉林摄影出版社 2012.01 |
|
| 页数: | 113页 | |
| 开本: | 30cm | |
| 丛书名: | ||
| 单 册: | ||
| 中图分类: | G613.6 | |
| 科图分类: | ||
| 主题词: | 儿童教育--美术教育 | |
| 电子资源: | ||
| ISBN: | 978-7-5498-0936-3 | |
| 000 | 00912nam0 2200253 450 | |
| 001 | 0103152642 | |
| 005 | 20201103152729.0 | |
| 010 | @a978-7-5498-0936-3@dCNY29.80 | |
| 100 | @a20120425e20192012em y0chiy50 ea | |
| 101 | 1 | @achi@ckor |
| 102 | @aCN@b220000 | |
| 105 | @aa z 000yy | |
| 106 | @ar | |
| 200 | 1 | @a妈妈是最好的美术老师@Ama ma shi zui hao de mei shu lao shi@f(韩) 金洪大, 全英善著@g李秋月译 |
| 210 | @a长春@c吉林摄影出版社@d2012.01@h2019.11 | |
| 215 | @a113页@c图 (部分彩图)@d30cm | |
| 330 | @a本书分素材的画法和主题画的画法两章,内容包括:四季的树1春天的树,夏天的树;四季的树2秋天的树,冬天的树;各种鲜花1郁金香,向日葵,大波斯菊等。 | |
| 606 | 0 | @a儿童教育@x美术教育 |
| 690 | @aG613.6@v5 | |
| 701 | 0 | @c(韩)@a金洪大@Ajin hong da@4著 |
| 701 | 0 | @c(韩)@a全英善@Aquan ying shan@4著 |
| 702 | 0 | @a李秋月@Ali qiu yue@4译 |
| 801 | 0 | @aCN@bBJSZM@c20201103 |
| 905 | @b1255286-90@dG613.6@e1032@f5 | |
| 妈妈是最好的美术老师/(韩) 金洪大, 全英善著/李秋月译.-长春:吉林摄影出版社,2012.01(2019.11) |
| 113页:图 (部分彩图);30cm |
| ISBN 978-7-5498-0936-3:CNY29.80 |
| 本书分素材的画法和主题画的画法两章,内容包括:四季的树1春天的树,夏天的树;四季的树2秋天的树,冬天的树;各种鲜花1郁金香,向日葵,大波斯菊等。 |
| ● |
| 相关链接 |
|
|
|
|
正题名:妈妈是最好的美术老师
索取号:G613.6/1032
 
预约/预借
| 序号 | 登录号 | 条形码 | 馆藏地/架位号 | 状态 | 备注 |
| 1 | 1255286 | 212552860 | 第一样本阅览室/ [索取号:G613.6/1032] | 在馆 | |
| 2 | 1255287 | 212552879 | 教育系资料室/ [索取号:G613.6/1032] | 在馆 | |
| 3 | 1255288 | 212552888 | 教育系资料室/ [索取号:G613.6/1032] | 在馆 | |
| 4 | 1255289 | 212552897 | 第四借阅区/ [索取号:G613.6/1032] | 在馆 | |
| 5 | 1255290 | 212552904 | 第四借阅区/ [索取号:G613.6/1032] |
已借出,限还日期为2025.05.13 借出人:翟江丽 |